Developing opportunities: 4§ año de Educación Media, student's book
Gorde:
| Egile Nagusiak: | , |
|---|---|
| Formatua: | Liburua |
| Hizkuntza: | ingelesa |
| Argitaratua: |
Harlow
Pearson Education
2001
|
| Gaiak: | |
| Etiketak: |
Etiketa erantsi
Etiketarik gabe, Izan zaitez lehena erregistro honi etiketa jartzen!
|
MARC
| LEADER | 00000nam a2200000 a 4500 | ||
|---|---|---|---|
| 001 | UCL1950 | ||
| 003 | CL-VaPUC | ||
| 008 | 030926e20010000UK |||||||||||||||||eng|d | ||
| 020 | |a 058273660 | ||
| 082 | 0 | 4 | |a 420.712 |b FOL |2 21 |
| 100 | 0 | |a Foley, Mark |e author |9 478955 | |
| 700 | |a Hall, Diane |e author |9 591975 | ||
| 245 | 1 | 0 | |a Developing opportunities: 4§ año de Educación Media, student's book |
| 300 | |a 128 p | ||
| 942 | |c BK | ||
| 945 | |d 20030926 00:00:00 |a cmena | ||
| 260 | |a Harlow |b Pearson Education |c 2001 | ||
| 650 | 0 | |a Enseñanza del inglés |9 367340 | |
| 650 | 0 | |a Educación lingüística |9 306506 | |
| 650 | 0 | |a Libros de texto |9 270019 | |
| 650 | 0 | |a Métodos de aprendizaje |9 334464 | |
| 583 | |a last modification |c 20150526 14:56:11 |k Rodrigo Vera | ||
| 999 | |c 305382 |d 305380 | ||
| 952 | |0 0 |1 0 |4 0 |6 420_712000000000000_FOL_2001 |7 0 |8 P |9 369118 |a BIBEDU |b BIBEDU |d 2019-11-21 |i 394476K |o 420.712 FOL 2001 |p 394476K |r 2019-11-21 |w 2019-11-21 |y BK |k EBA | ||
| 952 | |0 0 |1 0 |4 0 |6 420_712000000000000_FOL_2001 |7 0 |8 P |9 369119 |a BIBEDU |b BIBEDU |c BIBEDU_PB |d 2019-11-21 |i 3944778 |o 420.712 FOL 2001 |p 3944778 |r 2024-01-25 |w 2019-11-21 |y BK |k EBA | ||
| 952 | |0 0 |1 0 |4 0 |6 420_712000000000000_FOL_2001 |7 0 |8 P |9 369120 |a BIBEDU |b BIBEDU |d 2019-11-21 |i 3944786 |o 420.712 FOL 2001 |p 3944786 |r 2019-11-21 |w 2019-11-21 |y BK |k EBA | ||
| 952 | |0 0 |1 0 |4 0 |6 420_712000000000000_FOL_2001 |7 0 |8 P |9 369121 |a BIBEDU |b BIBEDU |d 2019-11-21 |i 3944794 |o 420.712 FOL 2001 |p 3944794 |r 2019-11-21 |w 2019-11-21 |y BK |k EBA | ||
| 952 | |0 0 |1 0 |4 0 |6 420_712000000000000_FOL_2001 |7 0 |8 P |9 369122 |a BIBEDU |b BIBEDU |c BIBEDU_PB |d 2019-11-21 |i 3944816 |o 420.712 FOL 2001 |p 3944816 |r 2024-01-25 |w 2019-11-21 |y BK |k EBA | ||
| 952 | |0 0 |1 0 |4 0 |6 420_712000000000000_FOL_2001 |7 0 |8 A |9 369123 |a FDOPOS |b FDOPOS |d 2019-11-21 |i 4267486 |o 420.712 FOL 2001 |p 4267486 |r 2025-01-22 |w 2019-11-21 |y BK |k MLA | ||